Statistics for Australia Map Quiz

Click here to take the quiz!

General Stats

  • This quiz has been taken 163,233 times
  • The average score is 7 of 8

Answer Stats

Answer % Correct
Tasmania
90%
Northern Territory
90%
Western Australia
88%
South Australia
84%
Australian Capital Territory
83%
Queensland
77%
New South Wales
73%
Victoria
66%

Score Distribution

Percentile by Number Answered

Percent of People with Each Score

Your Score History

You have not taken this quiz